000 00661nam a2200181Ia 4500
008 151018s9999 xx 000 0 und d
082 _bRBASDV36231
_a891.461
100 _aविद्याधर - भागवत
245 _aकवितेच्या कविता
250 _b1
260 _bदिव्यदीप प्रकाशन सावंतवाडी
_c2003
300 _a84
600 _aविद्याधर - भागवत
630 _aकवितेच्या कविता
700 _aविद्याधर - भागवत
730 _aकवितेच्या कविता
942 _cBOOK
999 _c1035693
_d1035690